| 000 | 01036nas a2200313 4500 | ||
|---|---|---|---|
| 001 | BR2012001289 | ||
| 003 | BR-BrBNA | ||
| 005 | 20231205120219.0 | ||
| 007 | ta | ||
| 008 | 230509b bl.|||p| |||| 00| 00por d | ||
| 040 |
_aBR-BrBNA _bpor _cBiblioteca Nacional de Agricultura |
||
| 041 | _a(Pt) | ||
| 072 | _aF04; P35 | ||
| 100 | 1 | _aMuner, L.H. de | |
| 100 | 1 | _aRuiz, H.A. | |
| 100 | 1 | _aVenegas, V.H.A. | |
| 100 | 1 | _aNeves, J.C.L. | |
| 100 | 1 | _aFreire, F.J. | |
| 100 | 1 | _aFreire, M.B.G. dos S. | |
| 245 | 1 | _aDisponibilidade de zinco para milho em resposta à localização de fósforo no solo | |
| 650 | _aFERTILIDADE DO SOLO | ||
| 650 | _aDISPONIBILIDADE DE NUTRIENTE | ||
| 650 | _aDEFICIÊNCIA DO SOLO | ||
| 650 | _aRELAÇÃO SOLO-PLANTA | ||
| 773 | 0 |
_tRevista Brasileira de Engenharia Agrícola e Ambiental (Brazil) _xISSN 1807-1929 _g(Jan 2011), v.15(1) p. 29-36 _wBR2012001289 |
|
| 856 | 4 | 0 | _uhttp://www.scielo.br/pdf/rbeaa/v15n1/a05v15n01.pdf |
| 909 |
_a202311 _bLúcia _c55 _dLúcia Elande |
||
| 942 |
_2AGRIS _n0 _cANA |
||
| 999 |
_c217474 _d217474 |
||